INTERMEDIATE ALGEBRA (Record no. 216294)
[ view plain ]
| 000 -LEADER | |
|---|---|
| fixed length control field | 00453nam a22001697a 4500 |
| 008 - FIXED-LENGTH DATA ELEMENTS--GENERAL INFORMATION | |
| fixed length control field | 251126b |||||||| |||| 00| 0 eng d |
| 020 ## - INTERNATIONAL STANDARD BOOK NUMBER | |
| International Standard Book Number | 978-0-495-38798-5 |
| 100 ## - MAIN ENTRY--PERSONAL NAME | |
| Personal name | KAUFMANN, JEROME E. |
| 245 ## - TITLE STATEMENT | |
| Title | INTERMEDIATE ALGEBRA |
| 260 ## - PUBLICATION, DISTRIBUTION, ETC. | |
| Place of publication, distribution, etc. | BELMONT |
| Name of publisher, distributor, etc. | BROOKS / COLE CENGAGE LEARNING |
| Date of publication, distribution, etc. | 1010 |
| 300 ## - PHYSICAL DESCRIPTION | |
| Extent | XV, 792P. |
| 500 ## - GENERAL NOTE | |
| General note | INCLUDES INDEX |
| 650 ## - SUBJECT ADDED ENTRY | |
| Topical term or geographic name entry element | 1. ALGEBRA |
| 700 ## - ADDED ENTRY--PERSONAL NAME | |
| Personal name | SCHWITTERS, KAREN L. |
| 942 ## - ADDED ENTRY ELEMENTS (KOHA) | |
| Source of classification or shelving scheme | Library of Congress Classification |
| Koha item type | Long Loan Book |
| Withdrawn status | Lost status | Source of classification or shelving scheme | Damaged status | Not for loan | Collection | Home library | Current library | Shelving location | Date acquired | Inventory number | Total checkouts | Full call number | Barcode | Date last seen | Copy number | Price effective from | Koha item type |
|---|---|---|---|---|---|---|---|---|---|---|---|---|---|---|---|---|---|
| Library of Congress Classification | Science & Technology | Kisii University Library | Kisii University Library | On Display | 11/26/2025 | 110166 | QA 154.2 .K38 2010 | 000000024526 | 11/26/2025 | C.1 | 11/26/2025 | Long Loan Book | |||||
| Library of Congress Classification | Science & Technology | Kisii University Library | Kisii University Library | On Display | 11/26/2025 | 110167 | QA 154.2 .K38 2010 | 000000017685 | 11/26/2025 | C.2 | 11/26/2025 | Long Loan Book | |||||
| Library of Congress Classification | Science & Technology | Kisii University Library | Kisii University Library | On Display | 11/26/2025 | 110168 | QA 154.2 .K38 2010 | 000000024527 | 11/26/2025 | C.3 | 11/26/2025 | Long Loan Book | |||||
| Library of Congress Classification | Science & Technology | Kisii University Library | Kisii University Library | On Display | 11/26/2025 | 110169 | QA 154.2 .K38 2010 | 11/26/2025 | C.4 | 11/26/2025 | Long Loan Book |